Relationship: (Record no. 222530)
[ view plain ]
| 000 -LEADER | |
|---|---|
| fixed length control field | 01906nam a22002657a 4500 |
| 005 - DATE AND TIME OF LATEST TRANSACTION | |
| control field | 20220421100635.0 |
| 008 - FIXED-LENGTH DATA ELEMENTS--GENERAL INFORMATION | |
| fixed length control field | 220421b ||||| |||| 00| 0 eng d |
| 020 ## - INTERNATIONAL STANDARD BOOK NUMBER | |
| International Standard Book Number | 8185107637 |
| 040 ## - CATALOGING SOURCE | |
| Transcribing agency | Aloy |
| 041 ## - LANGUAGE CODE | |
| Language code of text/sound track or separate title | eng |
| 082 ## - DEWEY DECIMAL CLASSIFICATION NUMBER | |
| Edition number | 23 |
| Classification number | 820.309 |
| Item number | SAHR |
| 100 ## - MAIN ENTRY--PERSONAL NAME | |
| Personal name | Nayantara Sahgal |
| 100 ## - MAIN ENTRY--PERSONAL NAME | |
| 9 (RLIN) | 30710 |
| 100 ## - MAIN ENTRY--PERSONAL NAME | |
| 9 (RLIN) | 30709 |
| Dates associated with a name | E N Mangat Rai |
| 245 ## - TITLE STATEMENT | |
| Title | Relationship: |
| Remainder of title | Exacts from a correspondence |
| 260 ## - PUBLICATION, DISTRIBUTION, ETC. | |
| Place of publication, distribution, etc. | New Delhi |
| Name of publisher, distributor, etc. | Kali for Women |
| Date of publication, distribution, etc. | 1994 |
| 300 ## - PHYSICAL DESCRIPTION | |
| Extent | ix,275 p. |
| Other physical details | HB |
| Dimensions | 22x14 cm |
| 365 ## - TRADE PRICE | |
| Source of price type code | English |
| 366 ## - TRADE AVAILABILITY INFORMATION | |
| Source of availability status code | English |
| 520 ## - SUMMARY, ETC. | |
| Summary, etc. | In this exchange of letters, dating from an extremely turbulent period in their lives, Nayantara Sahgal and E.N. Mangat Rai, two very public figures who have remained at the same time intensely private, break their self-imposed silence. The letters speak of a growing and passionate involvement, of the authors' joy and pain at discovering an intellectual companionship while at the same time being forced to face the realities of their own lives and positions. They reflect on the dilemmas and compulsions that bind men and women into particular relationships, and of the exigencies of public life and its implications for the private sphere. These letters provide a mirror of the times when a kind of idealism and commitment still seemed possible. They give the reader an insight into the life and thoughts of one of India's most successful writers, and one of the most distinguished civil servants of his generation. While the correspondence highlights one woman's endeavour to remain true to herself, her writing, her ideals and relationships, both within marriage and outside it, it reflects the personality, vision and dedication of the man with whom she shared it. |
| 650 ## - SUBJECT ADDED ENTRY--TOPICAL TERM | |
| Topical term or geographic name entry element | Indian English Fiction |
| 9 (RLIN) | 30705 |
| 650 ## - SUBJECT ADDED ENTRY--TOPICAL TERM | |
| Topical term or geographic name entry element | Indian English Literature |
| 9 (RLIN) | 30706 |
| 700 ## - ADDED ENTRY--PERSONAL NAME | |
| Personal name | SAHGAL (Nayantara) |
| 9 (RLIN) | 30707 |
| 700 ## - ADDED ENTRY--PERSONAL NAME | |
| Personal name | RAI (E N Mangat) |
| 9 (RLIN) | 30708 |
| 942 ## - ADDED ENTRY ELEMENTS (KOHA) | |
| Source of classification or shelving scheme | Dewey Decimal Classification |
| Koha item type | George Fernandes Collections |
| Withdrawn status | Lost status | Source of classification or shelving scheme | Damaged status | Not for loan | Collection code | Home library | Current library | Date acquired | Total Checkouts | Full call number | Barcode | Date last seen | Price effective from | Koha item type |
|---|---|---|---|---|---|---|---|---|---|---|---|---|---|---|
| Dewey Decimal Classification | English | St Aloysius Library | St Aloysius Library | 03/24/2013 | 820.309 SAHR | GF02288 | 04/21/2022 | 04/21/2022 | George Fernandes Collections |